Statistics for Flash Villains

Click here to take the quiz!

General Stats

  • This quiz has been taken 153 times
    (148 since last reset)
  • The average score is 14 of 30

Answer Stats

HintFlashAnswer% Correct
Leonard SnartBarry AllenCaptain cold
98%
Daniel WestBarry AllenReverse Flash
98%
GroddBarry AllenGorilla Grodd
96%
Hunter ZolomonWally WestZoom
91%
Mick RoryBarry AllenHeatwave
89%
Mark MardonBarry AllenWeather Wizard
80%
James JesseBarry AllenTrickster
72%
Sam ScudderBarry AllenMirror Master
69%
Lisa SnartBarry AllenGolden Glider
66%
Digger HarknessBarry AllenCaptain Boomerang
65%
Hartley RathawayBarry AllenPied Piper
62%
Eobard ThawneBarry AllenProfessor Zoom
57%
Clifford DeVoeJay GarrickThe thinker
54%
Citizen AbraBarry AllenAbra Kadabra
47%
Edward ClarissJay GarrickThe Rival
44%
Tony WoodwardWally WestGirder
39%
Frankie KaneWally WestMagenta
36%
Roy G BivoloBarry AllenRainbow Raider
35%
Lashawn BaezWally WestPeek a boo
29%
Albert DesmondBarry AllenDr Alchemy
26%
Roscoe DillonBarry AllenThe Top
26%
Thaddeus ThawneBart AllenInertia
24%
Isaac BowinJay GarrickFiddler
20%
David HerschWally WestCicada
18%
Malcolm ThawneWally WestCobalt Blue
15%
Peter MerkelJay GarrickRag Doll
13%
Jack MonteleoneWally WestTarpit
13%
Richard SwiftJay GarrickShade
12%
Michael AmarWally WestMurmur
9%
Jeremy TallWally WestDouble Down
5%

Score Distribution

Percentile by Number Answered

Percent of People with Each Score

Your Score History

You have not taken this quiz since the last reset